000 00730nam a2200241Ia 4500
003 OSt
005 20220918221451.0
006 a|||||r|||| 00| 0
007 ta
008 220917b |||||||| |||| 00| 0 eng d
024 _a176,958
037 _cTextual
040 _aARTS
_cARTS
_beng
041 _2eng
_aeng
082 _aR3xM593:g, N9 (SC)
100 _aDerrida Jacques
_917361
245 0 _aAdieu to Emmanuel Levinas translated by Pascale-Anne Brault and Michael Naas
260 _aStandford
_bStandford University Press
_c1999
300 _aix, 152p.
_ccm.
490 _aMeridian : crossing aesthetics
942 _hR3xM593:g, N9 (SC)
_cTEXL
_2CC
999 _c272619
_d272619